Statistiques concernant Appellations Vins Du Rhône

Cliquez ici pour prendre le quiz!

Statistiques générales

  • Ce quiz a été pris 369 fois
  • Le résultat moyen est 11 sur 30

Statistiques - réponses

Rhône Septentrional% Correct
R,BChâteauneuf-du-Pape
83%
R,BSaint-Joseph
78%
RCôte-Rôtie
75%
R,BHermitage
72%
R,BCrozes-Hermitage
70%
BCondrieu
65%
R,RGigondas
61%
R,B,RVacqueyras
57%
RCornas
49%
EFSClairette de Die
48%
BSaint-Péray
43%
RoséTavel
42%
RBeaumes-de-Venise
37%
R,B,RLirac
36%
BChâteau Grillet
35%
R,VDNRasteau
35%
R,B,RVentoux
35%
R,B,RCôtes du Rhône Villages
26%
R,B,RLuberon
26%
R,BCairanne
24%
RVinsobres
22%
EFSCrémant de Die
21%
R,B,RCostières de Nîmes
20%
BCoteaux de Die
15%
R,B,RGrignan-les-Adhémar
13%
R,B,RCôtes du Vivarais
11%
R,B,RDuché d’Uzès
10%
VDNMuscat Beaumes-de-Venise
8%
BClairette de Bellegarde
7%
R,B,RChâtillon-en-Diois
6%

Distribution des résultats

Percentile par nombre de réponses

% des personnes avec chaque résultat

Votre développement - résultats

Vous n’avez pas pris ce quiz